UM Logo
Normal view MARC view
  • Schulz, Matthias.

Entry Personal Name

Number of records used in: 1

001 - CONTROL NUMBER

  • control field: 52519

003 - CONTROL NUMBER IDENTIFIER

  • control field: OSt

005 - DATE AND TIME OF LATEST TRANSACTION

  • control field: 20240215124533.0

008 - FIXED-LENGTH DATA ELEMENTS

  • fixed length control field: 240215|| aca||aabn | a|a d

040 ## - CATALOGING SOURCE

  • Original cataloging agency: OSt
  • Transcribing agency: OSt

100 ## - HEADING--PERSONAL NAME

  • Personal name: Schulz, Matthias.
  • Relator term: author.

670 ## - SOURCE DATA FOUND

  • Source citation: Work cat.: (OSt): Schulz, Matthias. author., Analysis and experimental verification of an isolated half-bridge bidirectional DC-DC converter /, May 2022.